[Event "SVK-ch U12 Girls"]
[Site "Tatralandia"]
[Date "2024.04.12"]
[Round "7"]
[White "Gondekova, Emma"]
[Black "Jarosova, Eliska"]
[Result "1-0"]
[WhiteElo "1538"]
[BlackElo "1000"]
[PlyCount "117"]
[EventDate "2024.04.05"]
[EventType "swiss"]
[EventRounds "7"]
[EventCountry "SVK"]
[SourceTitle "CBM 219 Extra"]
[Source "ChessBase"]
[SourceDate "2024.05.31"]
[SourceVersion "1"]
[SourceVersionDate "2024.05.31"]
[SourceQuality "1"]

1. e4 e5 2. Nf3 Nc6 3. d4 f6 4. Bc4 Nh6 5. dxe5 fxe5 6. Qd5 Qe7 7. Bg5 Qd6 8. Bxh6 Qxd5 9. Bxd5 Nb4 10. Bb3 d6 11. Be3 Bd7 12. Nc3 0-0-0 13. 0-0-0 Bc6 14. a3 Na6 15. Ng5 Be7 16. Nf7 Rde8 17. Nxh8 Rxh8 18. Be6+ Bd7 19. Bxd7+ Kxd7 20. Nd5 Bf8 21. Rhf1 c6 22. Nc3 Be7 23. f4 Bf6 24. fxe5 Bxe5 25. Bf4 Ke6 26. Bxe5 Kxe5 27. Rf5+ Ke6 28. Rdf1 Nc5 29. Rf8 Rxf8 30. Rxf8 d5 31. exd5+ cxd5 32. Rd8 Ne4 33. Nxd5 g5 34. Ne3 Ke5 35. Rd7 h5 36. Rxb7 Kf4 37. Nd1 h4 38. Rh7 Nf6 39. Rh8 Ng4 40. h3 Ne3 41. Nxe3 Kxe3 42. Rf8 Ke4 43. Kd2 Kd4 44. Rf5 Ke4 45. Rxg5 Kf4 46. Rg4+ Ke5 47. Rxh4 Kd5 48. g4 Ke5 49. g5 Kf5 50. Rg4 Kg6 51. c4 Kh5 52. c5 Kg6 53. c6 Kf5 54. c7 Ke5 55. c8Q Kd5 56. Qf5+ Kd6 57. Rd4+ Ke7 58. Rd7+ Ke8 59. Qf7# 1-0